Introduction to engineering economics and financial accounting/ (Record no. 167664)

MARC details
000 -LEADER
fixed length control field 00679nam a22001937a 4500
005 - DATE AND TIME OF LATEST TRANSACTION
control field 20190916153957.0
010 ## - LCCN (DPL NO)
LC control number B-125542
020 ## - INTERNATIONAL STANDARD BOOK NUMBER
International Standard Book Number 8180542718
Terms of availability 125.00
035 ## - SYSTEM CONTROL NUMBER
System control number B-125542
037 ## - SOURCE OF ACQUISITION
Source of stock number/acquisition Sultan Chand & Sons
082 ## - DEWEY DECIMAL CLASSIFICATION NUMBER
Classification number 657.834
245 ## - TITLE STATEMENT
Title Introduction to engineering economics and financial accounting/
Statement of responsibility, etc K Seenivasagam and R. Sivarethina Mohan
Medium English
260 ## - PUBLICATION, DISTRIBUTION, ETC. (IMPRINT)
Place of publication, distribution, etc New Delhi
Name of publisher, distributor, etc Sultan Chand & Sons
Date of publication, distribution, etc 2005
270 ## - ADDRESS
Address 23, Daryagan
City New Delhi
Postal code 110002
300 ## - PHYSICAL DESCRIPTION
Extent 312p.
Other physical details ill.
Dimensions 24cm
700 ## - ADDED ENTRY--PERSONAL NAME
Personal name Mohan, R. Sivarethina
942 ## - ADDED ENTRY ELEMENTS (KOHA)
Source of classification or shelving scheme Dewey Decimal Classification
Item type English Books
Classification part 657.834
Call number suffix SEE
Holdings
Withdrawn status Lost status Not for loan Collection code Home library Current library Date acquired Full call number Barcode Cost, replacement price Koha item type
      Non-fiction R.C.Libraries (zls) R.C.Libraries (zls) 16/09/2019 657.834 SEE B-125542 125.00 English Books

© Delhi Public Library
Hit Counter
free hit counter